Statistics for Top 10 Most Populous U.S. State Capitals

Click here to take the quiz!

General Stats

  • This quiz has been taken 24,006 times
    (23,891 since last reset)
  • The average score is 7 of 10

Answer Stats

Population City % Correct
513,624Sacramento
89%
978,908Austin
87%
692,600Boston
76%
1,680,992Phoenix
75%
506,811Atlanta
74%
727,211Denver
65%
898,553Columbus
57%
876,384Indianapolis
52%
670,820Nashville
50%
655,057Oklahoma City
49%

Score Distribution

Percentile by Number Answered

Percent of People with Each Score

Your Score History

You have not taken this quiz since the last reset